| 000 | 00000cas 2200000zi 4500 |
| 001 | 9.955990 |
| 003 | CaOODSP |
| 005 | 20251219152026 |
| 006 | m o d f |
| 007 | cr cn |||||||| |
| 008 | 251006c20259999oncar p o f0###b0fre|d |
| 022 | |a2819-6937 |
| 040 | |aCaOODSP|bfre|erda|cCaOODSP |
| 043 | |an-cn--- |
| 086 | 1 |aEn104-34F-PDF |
| 110 | 1 |aCanada. |bAgence d'évaluation d'impact du Canada, |eauteur, |eorganisme de publication. |
| 222 | 0|aRapport annuel ... au titre de la Loi sur la lutte contre le travail forcé et le travail des enfants dans les chaînes d'approvisionnement |b(Canada. Agence d'évaluation d'impact du Canada) |
| 245 | 10|aRapport annuel ... au titre de la Loi sur la lutte contre le travail forcé et le travail des enfants dans les chaînes d'approvisionnement. |
| 264 | 1|aOttawa, ON : |bImpact Assessment Agency of Canada = Agence d'évaluation d'impact du Canada, |c[2025]- |
| 310 | |aAnnuel |
| 336 | |atexte|btxt|2rdacontent/fre |
| 337 | |ainformatique|bc|2rdamedia/fre |
| 338 | |aressource en ligne|bcr|2rdacarrier/fre |
| 362 | 1 |aParaît depuis : 2024/2025. |
| 500 | |aPublié aussi en anglais sous le titre : ... annual report under the Fighting Against Forced Labour and Child Labour in Supply Chains Act. |
| 588 | |aDescription d'après : 2024/2025; titre de départ du fichier PDF. |
| 588 | |aDernière livraison consultée : 2024/2025. |
| 610 | 16|aCanada. |bAgence d'évaluation d'impact du Canada |vPériodiques. |
| 610 | 16|aCanada. |tLoi sur la lutte contre le travail forcé et le travail des enfants dans les chaînes d'approvisionnement |vPériodiques. |
| 650 | 6|aTravail forcé|zCanada|xPrévention|vPériodiques. |
| 650 | 6|aEnfants|xTravail|zCanada|xPrévention|vPériodiques. |
| 655 | 7|aPériodiques|2rvmgf |
| 775 | 08|t... annual report under the Fighting Against Forced Labour and Child Labour in Supply Chains Act.|w(CaOODSP)9.955991 |